| 000 | 00873cam a2200301 a 4500 | ||
|---|---|---|---|
| 999 |
_c7721 _d7721 |
||
| 001 | 7721 | ||
| 003 | BD-JhCC | ||
| 005 | 20181007084806.0 | ||
| 008 | 020510s2001 pl d 001 0 eng c | ||
| 020 | _a8301135107 | ||
| 035 | _a(BD-JhCC)7721 | ||
| 040 |
_aCGU _cCGU _dDLC _dBD-JhCC |
||
| 041 | 0 |
_aeng _apol |
|
| 050 | 0 | 0 |
_aPE1115 _b.O84 2001 |
| 082 | 0 | 0 |
_a423/.9185 _222 _bENG 1956 |
| 245 | 1 | 0 |
_aEnglish at work / _cMargaret M. Bryant...[et.al.] |
| 250 | _aWyd. 1. | ||
| 260 |
_aNew York : _bCharles Scribner's Sons, _c1956 |
||
| 300 |
_a518 p. ; _c21 cm. |
||
| 500 | _aIncludes indexes. | ||
| 650 | 0 |
_aEnglish language _xBusiness English _vDictionaries _xPolish. |
|
| 650 | 0 |
_aEnglish language _vTerms and phrases. |
|
| 650 | 0 |
_aCommerce _vDictionaries. |
|
| 650 | 0 |
_aManagement _vDictionaries. |
|
| 700 | _aBryant, Margaret M. | ||
| 942 |
_2ddc _cBK |
||